Daranno ancora frutti. (Record n. 360501)

Dettagli MARC
000 -LEADER
campo di controllo lung. fissa 01424nam a22002177a 4500
003 - Identificatore del numero di controllo
campo di controllo IT-MiCISF
005 - Data e orario dell'ultima transazione
campo di controllo 20251122005212.0
008 - Elementi di lunghezza fissa--Informazione generale
campo di controllo lung. fissa 251122b |||||||| |||| 00| 0 eng d
020 ## - ISBN (International Standard Book Number)
ISBN (International Standard Book Number) 9788831556699
040 ## - Fonte della catalogazione
Agenzia che fa la trascrizione IT-MiCISF
100 ## - Accesso principale -- nome di persona
Nome di persona Ciairano Azia (et al.)
9 (RLIN) 62116
245 ## - Formulazione del titolo
Titolo Daranno ancora frutti.
Complemento del titolo Religiose, religiosi e anzianità
260 ## - Pubblicazione, distribuzione, ecc. (stampa)
Luogo di pubblicazione, distribuzione, ecc. Milano,
Nome dell'editore, distributore, ecc. Paoline,
Data di pubblicazione, distribuzione, ecc. 2024
300 ## - Descrizione fisica
Estensione pp. 239
500 ## - Nota generale
Nota generale operatori-pastorali, anziani, malattia, esperienze
520 ## - Riassunto, ecc.
Nota di riassunto, ecc. Le comunità religiose femminili e maschili, soprattutto nel mondo occidentale, sono costituite da numerosi membri con un’età media avanzata. Il testo, scritto a “cinque mani”, affronta questa realtà, e gli autori – specialisti in varie discipline – scandagliano il “vissuto” delle persone consacrate anziane descrivendo gli aspetti positivi di saggezza e vigilanza, ma anche le difficoltà per le varie fragilità. Per una vita consacrata più inclusiva, sarà possibile attuare dei percorsi per promuovere nuove sensibilità, conciliando le aspettative del crescente numero dei membri che vivono un’età più avanzata con le aspirazioni delle nuove e sempre più esigue generazioni? Emerge uno “spaccato” intriso di speranza, di resilienza, di grande testimonianza.
650 ## - Accesso aggiunto di soggetto--termine topico
Termine topico o nome geografico come accesso Terza-età
654 ## - Accesso aggiunto di soggetto--termini topici faccettati
Termine principale saggio
700 ## - Accesso aggiunto--nome di persona
Nome di persona Cangià C., Invernizzi L., Sandrin L., Trabucchi M.
9 (RLIN) 62783
942 ## - Dati aggiuntivi (Koha)
Fonte della classificazione o dello schema di collocazione (segnatura) Dewey Decimal Classification
Tipo copia default (Koha) LIBRO
Dati di copia
Ritirato (status) Perso (status) Fonte della classificazione o dello schema di collocazione (segnatura) Danneggiato (status) Non per il presito Biblioteca proprietaria Biblioteca in cui si trova Data d'acquisizione Totale prestiti Collocazione Data ultima operazione Prezzo in vigore dal Tipo copia default (Koha)
    Dewey Decimal Classification Buone Condizioni Not For Loan CISF - Milano CISF - Milano 22/11/2025   A2503 22/11/2025 22/11/2025 LIBRO
CREDITS: SOCIETA' SAN PAOLO Via A.Severo, 58 - ROMA (RM) & PERIODICI SAN PAOLO SRL Via Giotto, 36 MILANO & CISF Via Giotto, 36 MILANO & EDIZIONI SAN PAOLO SRL,  Piazza Soncino, 5 CINISELLO BALSAMO (MI) -- ITALY